000 00800nam a2200205Ii 4500
003 JO-AjNU
008 230605s9999||||xx |||||||||||||| ||und||
040 _aJO-AjNU
_bara
_erda
_cJO-AjNU
041 _aara
050 1 4 _aPJ6123.A4444 1900
100 3 _aرضا، علي,
_eauthor
_939341
245 0 0 _aالإنشاء الواضح:أجود الانشاء:فصاحة في التعبير ووضوح في التفكير وجمال في التصوير
250 _aط7 مزيده ومنقحة
264 3 1 _aبيروت: مكتبة دار الشرق، 1900
300 _a263ص
336 _atext
_btxt
_2rdacontent
337 _aunmediated
_bn
_2rdamedia
338 _avolume
_bnc
_2rdacarrier
650 4 _aالإنشاء الأدبي-اللغة العربية- كتابة-بلاغة-ألفاظ
_939342
999 _aA16607
_c20175
_d20175